| 000 | 01387nam0a22003011 4500 | ||
|---|---|---|---|
| 001 | rc\4465764 | ||
| 005 | 20130416164110.1 | ||
| 021 |
_aRU _bП807-67 |
||
| 035 | _a(NLR Aleph) 008327698 | ||
| 090 |
_a8797186 _c8797186 |
||
| 100 | _a20130416d1967 |||y0rusy50 ca | ||
| 101 | 0 | _arus | |
| 102 | _aRU | ||
| 105 | _aa z ||||| | ||
| 200 | 1 |
_aВыплавка стали Х18Н10Т с использованием углеродистого феррохрома _fС.И. Хитрик, А.И. Хитрик, Е.И. Кадинов [и др.] |
|
| 210 |
_aМосква _cБ. и. _d1967 |
||
| 215 |
_a11 с. _cил. _d26 |
||
| 225 | 1 |
_aМинистерство черной металлургии СССР. Центральный научно-исследовательский институт информации и технико-экономических исследований черной металлургии. Информация _hСерия 6 _iСталеплавильное производство _v№ 2 |
|
| 300 | _aОтпеч. множит. аппаратом | ||
| 320 | _aБиблиогр.: с. 10-11 | ||
| 701 | 1 |
_aХитрик _bС. И. _gСпиридон Иосифович |
|
| 701 | 1 |
_aХитрик _bА. И. |
|
| 701 | 1 |
_aКадинов _bЕ. И. |
|
| 801 | 0 |
_aRU _bNLR _gpsbo |
|
| 801 | 1 |
_aRU _bELAR _2rusmarc |
|
| 852 |
_aNLR _jП11/720 |
||
| 942 | _cBOOK | ||
| 980 | _aNB | ||